| 000 | | | 05257cbm0a2200337#x 450 |
| 001 | | | 635bc433-4cb9-46a3-9377-1cca7f2f16c9 |
| 005 | | | 20230404154625.0 |
| 100 | ## | $a | 20141018l17211724k##y0rusy0189 ca |
| 101 | 0# | $a | rus |
| 102 | ## | $a | RU |
| 105 | ## | $a | y###z######## |
| 122 | 2# | $a | d17210614## |
| | $a | d17241118## |
| 200 | 1# | $a | Указы Сибирской губернской канцелярии, выписки из журналов воеводской канцелярии, доношения разных лиц об увольнении в отставку воинских чинов, солдатских детях и др. членах семьи воинских чинов |
| | $b | Дело |
| | $e | начато 14.06.1721 г. - окончено 18.11.1724 г. |
| 210 | ## | $d | 1721-1724 |
| 215 | ## | $a | 18 листов |
| 225 | 1# | $a | Фонд Тюменская воеводская канцелярия |
| | $h | Опись № 1 |
| 300 | ## | $a | Рукописный текст. Скоропись. Чернила |
| 300 | ## | $a | Гербовое клеймо на листах: 17, 18 |
| 300 | ## | $a | Сургучная печать на листах: 9, 15 |
| 330 | ## | $a | Указы Сибирской губернской канцелярии, выписки из журналов воеводской канцелярии, доношения разных лиц об увольнении в отставку воинских чинов, солдатских детях и др. членах семьи воинских чинов |
| 601 | 02 | $2 | prlib_sh |
| | $3 | DITM\AF\0000005569 |
| | $a | Тюменская воеводская канцелярия |
| | $j | Документы и материалы |
| 605 | ## | $2 | acquisition_Prlib |
| | $3 | DITM\AF\0000002775 |
| | $a | Власть |
| | $l | коллекция |
| 605 | ## | $2 | acquisition_Prlib |
| | $3 | DITM\AF\0000004675 |
| | $a | Территория |
| | $l | коллекция |
| 605 | ## | $a | Семья и традиционные семейные ценности в России как основа российской государственности |
| | $l | коллекция |
| | $2 | acquisition_Prlib |
| | $3 | LIBNET\UAF\0000106762 |
| 606 | 1# | $2 | nlr_sh1 |
| | $3 | RU\NLR\AUTH\66742546 |
| | $a | Вооруженные силы |
| | $x | История |
| | $y | Россия |
| | $j | Документы и материалы |
| 607 | ## | $2 | prlib_sh |
| | $3 | LIBNET\UAF\0000015636 |
| | $a | Сибирская губерния |
| | $j | Документы и материалы |
| 686 | ## | $a | 63.3(285.3)511-35ю11 |
| | $v | LBC/M |
| | $2 | rubbk |
| 710 | 02 | $3 | DITM\AF\0000005569 |
| | $a | Тюменская воеводская канцелярия |
| 801 | #0 | $a | RU |
| | $b | Тюменская ОНБ |
| | $c | 20141018 |
| | $g | rcr |
| 801 | #1 | $a | RU |
| | $b | Тюменская ОНБ |
| | $c | 20141018 |
| | $2 | rusmarc |
| 801 | #2 | $a | RU |
| | $b | ПБ им. Б.Н. Ельцина |
| | $c | 20150929 |
| | $g | RCR |
| | $2 | rusmarc |
| 852 | ## | $a | Гос. архив Тюменской области. |
| | $b | Ф. И-47. |
| | $g | Оп. 1. |
| | $j | Д.3107. |
| 035 | ## | $a | LIBNET\0000487942 |
| 937 | ## | $d | 49935033 |
| | $h | Гос. архив Тюменской области |
| 856 | 4# | $u | http://www.prlib.ru/Lib/pages/item.aspx?itemid=138674 |